| 000 | 00862nam a22002777a 4500 | ||
|---|---|---|---|
| 001 | BR8207123 | ||
| 003 | BR-BrBNA | ||
| 005 | 20230928091547.0 | ||
| 007 | ta | ||
| 008 | 230509b bl.||||| |||| 00| 0 por d | ||
| 040 |
_aBR-BrBNA _bpor _cBiblioteca Nacional de Agricultura |
||
| 041 | _a(Por) | ||
| 072 |
_aK10; E13 _b8905 |
||
| 090 | _ 8905 BR8207123 | ||
| 110 | 1 |
_aInstituto Estadual de Florestas, Belo Horizonte, MG (Brasil). Diretoria de Desenvolvimento Florestal _96337 |
|
| 245 | 1 | _aProposta inicial para um programa de credito a implantacao de macicos florestais | |
| 260 | 3 |
_aBelo Horizonte, MG (Brasil): _c1982. |
|
| 300 | _avp. | ||
| 650 | _aPOVOAMENTO FLORESTAL | ||
| 650 | _aCREDITO | ||
| 650 | _aEXPLORACAO FLORESTAL | ||
| 650 | _aRECURSO FLORESTAL | ||
| 650 | _aCARVAO VEGETAL | ||
| 909 |
_a202309 _bLucia _c55 _dLucia Elande |
||
| 942 | _cBK | ||
| 999 |
_c34415 _d34415 |
||